000 00648nam a2200241Ia 4500
003 OSt
005 20220918163440.0
006 a|||||r|||| 00| 0
007 ta
008 220917b |||||||| |||| 00| 0 eng d
020 _a00 216014 5
024 _a20,880
037 _cTextual
040 _aARTS
_cARTS
_beng
041 _2eng
_aeng
082 _aO111,3M94w, L3.2
100 _aBedford Sybille
_913227
245 0 _aAldous Huxley
_b A biography
260 _aLondon
_bChatto and Windus UK
_c1974
650 _aENGLISH LITERATURE
942 _hO111,3M94w, L3.2
_cTEXL
_2CC
999 _c119676
_d119676